MARC details
| 000 -CABECERA |
| campo de control de longitud fija |
01800nam a22003017a 4500 |
| 003 - IDENTIFICADOR DEL NÚMERO DE CONTROL |
| campo de control |
DO-SdBNP |
| 005 - FECHA Y HORA DE LA ÚLTIMA TRANSACCIÓN |
| campo de control |
20250606121936.0 |
| 008 - DATOS DE LONGITUD FIJA--INFORMACIÓN GENERAL |
| campo de control de longitud fija |
210301b 2020 dr ac 00| 0 eng d |
| 020 ## - NÚMERO INTERNACIONAL ESTÁNDAR DEL LIBRO |
| Número Internacional Estándar del Libro |
9789945917222 |
| 040 ## - FUENTE DE LA CATALOGACIÓN |
| Centro catalogador/agencia de origen |
DO-SdBNP |
| Lengua de catalogación |
spa |
| Centro/agencia transcriptor |
BNPHU |
| 082 #4 - NÚMERO DE LA CLASIFICACIÓN DECIMAL DEWEY |
| Número de clasificación |
398.2097293 |
| Número de documento/Ítem |
T266c |
| 100 1# - ENTRADA PRINCIPAL--NOMBRE DE PERSONA |
| Nombre de persona |
Tejeda Ortíz, Dagoberto, |
| Fechas asociadas al nombre |
1940- |
| 9 (RLIN) |
1575 |
| 245 10 - MENCIÓN DE TÍTULO |
| Título |
Indígenismo, carnaval de identidad en Dominicana / |
| Mención de responsabilidad, etc. |
Dagoberto Tejeda Ortíz ; presentación Juan Daniel Balcácer ; prólogo José Domínguez (Jochi) ; fotografías Mariano Hernández, Odalis Rosado. |
| 260 ## - PUBLICACIÓN, DISTRIBUCIÓN, ETC. |
| Lugar de publicación, distribución, etc. |
Santo Domingo : |
| Nombre del editor, distribuidor, etc. |
Comisión Permanente De Efemérides Patrias |
| Fecha de publicación, distribución, etc. |
2020. |
| 300 ## - DESCRIPCIÓN FÍSICA |
| Extensión |
243 p. : |
| Otras características físicas |
il., fots.; |
| Dimensiones |
23 cm. |
| 500 ## - NOTA GENERAL |
| Nota general |
Incluye datos biográficos del autor en las solapas |
| 504 ## - NOTA DE BIBLIOGRAFÍA, ETC. |
| Nota de bibliografía, etc. |
Bibliografía: p. 197-202 |
| 505 0# - NOTA DE CONTENIDO CON FORMATO |
| Título |
Dedicatoria -- |
| -- |
-Presentación -- |
| -- |
-Prólogo -- |
| -- |
-Introducción -- |
| -- |
I- El descubrimiento descubierto - |
| -- |
II- Indigenismo e Identidad -- |
| -- |
III. - Los indios y el carnaval -- |
| -- |
IV - Comparsas de indios en la ciudad de Santo Domingo -- |
| -- |
V. - Teatro y carnaval -- |
| -- |
VI. - La ciudad de Santo Domingo y el barrio de San Carlos -- |
| -- |
VII. - Comparsa de los indios de San Carlos -- |
| -- |
VII. - Contenido temático del drama -- |
| -- |
VIII. - Importancia y trascendencia del indigenismo -- |
| -- |
IX. - indios, Indígenas y carnaval --. |
| -- |
X. - Indigenismo, carnaval y sociedad 185. |
| 590 ## - NOTA LOCAL (RLIN) |
| Nota local |
Inventariado, 2021 /LP<br/><br/> |
| 650 #0 - PUNTO DE ACCESO ADICIONAL DE MATERIA--TÉRMINO DE MATERIA |
| Término de materia o nombre geográfico como elemento de entrada |
Folclore |
| Subdivisión geográfica |
República Dominicana |
| 9 (RLIN) |
33448 |
| 650 #0 - PUNTO DE ACCESO ADICIONAL DE MATERIA--TÉRMINO DE MATERIA |
| Término de materia o nombre geográfico como elemento de entrada |
Identidad nacional |
| 9 (RLIN) |
2163 |
| 651 #4 - PUNTO DE ACCESO ADICIONAL DE MATERIA--NOMBRE GEOGRÁFICO |
| Nombre geográfico |
República Dominicana |
| Subdivisión general |
Vida social y costumbres |
| 9 (RLIN) |
405 |
| 700 1# - PUNTO DE ACCESO ADICIONAL--NOMBRE DE PERSONA |
| Nombre de persona |
Balcácer, Juan Daniel, |
| Fechas asociadas al nombre |
1949- |
| Término indicativo de función/relación |
presentación |
| 9 (RLIN) |
6566 |
| 700 1# - PUNTO DE ACCESO ADICIONAL--NOMBRE DE PERSONA |
| Nombre de persona |
Domínguez, José, |
| Término indicativo de función/relación |
prólogo |
| 9 (RLIN) |
77962 |
| 700 1# - PUNTO DE ACCESO ADICIONAL--NOMBRE DE PERSONA |
| Nombre de persona |
Hernández, Mariano, |
| Término indicativo de función/relación |
fotografías |
| 9 (RLIN) |
77963 |
| 910 ## - DATOS DE OPCIÓN DEL USUARIO (OCLC) |
| Datos de opción del usuario |
Validado. Control de calidad MFF |
| 942 ## - ELEMENTOS DE PUNTO DE ACCESO ADICIONAL (KOHA) |
| Fuente del sistema de clasificación o colocación |
Dewey Decimal Classification |
| Tipo de ítem Koha |
Libro |